00646nai a2200169Ia 4500003000900000008004100009022002200050022002300072040001600095245005100111260008600162310001400248362002500262521006900287650002900356856009100385IN-BaIIA211028c9999 xx s 000 0 eng d a1556-6056 (Print) a1556-6064 (Online) cIIA Library 0aIEEE Computer Architecture Lettersh[eJournal] aNew York, USAbThe Institute of Electrical and Electronics Engineers, Inc. (IEEE) aBiannualy a1(1); 2002 - Present bSubscribed through National Knowledge Resource Consortium (NKRC) aComputing and Processing uhttps://ieeexplore.ieee.org/servlet/opac?punumber=10208yClick Here to Access eJournal